Т. 85, № 3; Теплопередача

Bibliografiset tiedot
Parent link:Теплопередача=Transactions of the ASME. C-Journal of Heat Transfer: труды Американского общества инженеров-механиков. Т. 85, № 3.— , 1961, 1963-1988.— 0201-8160
Kieli:venäjä
Julkaistu: 1963
Aineistotyyppi: MixedMaterials Kirja
KOHA link:https://koha.lib.tpu.ru/cgi-bin/koha/opac-detail.pl?biblionumber=572182

MARC

LEADER 00000nam2a2200000 4500
001 572182
005 20231101125404.0
035 |a (RuTPU)RU\TPU\prd\270187 
035 |a RU\TPU\prd\270030 
090 |a 572182 
100 |a 20170315c19611988k y0rusy50 ca 
101 0 |a rus  |c eng 
102 |a RU 
200 0 |a Т. 85, № 3 
210 |d 1963 
461 1 |0 (RuTPU)RU\TPU\prd\548  |x 0201-8160  |x 0134-2495  |t Теплопередача  |l Transactions of the ASME. C-Journal of Heat Transfer  |o труды Американского общества инженеров-механиков  |v Т. 85, № 3  |d 1961, 1963-1988 
801 0 |a RU  |b 63413507  |c 20010227  |g PSBO 
801 1 |a RU  |b 63413507  |c 20020228  |g PSBO 
801 2 |a RU  |b 63413507  |c 20170315  |g PSBO 
942 |c BK 
999 |a НТБ_ТПУ  |b НФ  |e -14/20170109  |p П-172C  |u 0,00  |v 1  |x 10022